000 01118cam a2200289 4500
008 090401t2004 xxu||||| |||| 00| 0 eng d
020 _a0632051434
035 _a(Sirsi) u99491
041 _aeng
050 _a658.1552
_c18
100 _aKelly, John
245 _aValue management of construction projects.
260 _aOxford
_bBlackwell Science
_c2004
300 _ax,369p. ; 25cm.
350 _a35.00
520 _aThis book presents an integrated value philosophy, methodology and tool kit for improving project delivery for clients, based on best practice. It combines the theory and practice of value management and is written in such a way that the theory, methodology, workshop styles, tools and techniques can be read independently if the reader wishes.
520 _aSuperseded by 2 ed ISBN 9781118355152 (Ebook)
650 _aCLIENT VALUE SYSTEMS
650 _aCONSTRUCTION PROJECTS
650 _aVALUE ENGINEERING
650 _aVALUE MANAGEMENT
690 _aProject management
_96261
700 _aMale, Steven
700 _aDrummond, Graham
942 _n0
948 _c23/07/1998
999 _c99359
_d99359